000 00422nam a22001337a 4500
082 _a625.76
_bBIT
100 _aUS Department of Transportation,
_913255
245 _aOptimizing maintenance activities fifth report bituminous patching/
260 _aWashington:
_bUS Department of transportation,
_cc1978
300 _a21 p;.
_c26cm
526 _a0
_b0
_c0
_d625_760000000000000_BIT
650 _aMCE
_9379
942 _2ddc
_cBK
999 _c547530
_d547530